عرض عادي
عرض مارك
- الشياطين والجان
مدخل مصطلح موضوعي
001 - رقم الضبط
- حقل الضبط: 116
003 - معرف رقم الضبط
- حقل الضبط: OSt
005 - تاريخ ووقت أخر عملية
- حقل الضبط: 20110607152009.0
008 - عناصر بيانات ثابتة الطول
- حقل تحكم ثابت الطول: 110607|||a|||||| | ||| d
040 ## - مصدر الفهرسة
- هيئة الفهرسة الأصلية: OSt
- وكالة الكتابة: OSt
150 ## - مدخل-- مصطلح تاريخي
- عنصر مدخل المصطلح الموضوعي او الاسم الجغرافي: الشياطين والجان
670 ## - بيانات المصدر موجوده
- الاستشهاد بالمصدر: Work cat.: (OSt)4336: الشبلي، محمد بن عبد الله الشبلي، 712-769 هـ. 115, أكام المرجان في أحكام الجان /, 2009
